000 00343nam a2200157 4500
001 45284
090 _a45284
100 _a20251210 pory50
101 _apor
102 _aPT
200 _aHistórias e Parábolas
_fChinna Kata
210 _aMangualde
_cOm Sai Ram
_d2024
215 _a280 p.
675 _a29
801 _aPT
_gRPC
990 _cLIVROS